Esperpentos
Збережено в:
| Автор: | |
|---|---|
| Формат: | Книга |
| Мова: | Іспанська |
| Опубліковано: |
Santiago
Nascimento
1977
|
| Серія: | Biblioteca Popular Nascimento
|
| Предмети: | |
| Теги: |
Додати тег
Немає тегів, Будьте першим, хто поставить тег для цього запису!
|
MARC
| LEADER | 00000cam a2200000 a 4500 | ||
|---|---|---|---|
| 001 | UCX1833 | ||
| 003 | CL-VaPUC | ||
| 008 | 901112e19770000CL |||||||||||||||||spa|d | ||
| 082 | 0 | 4 | |a 862 |b VAL |2 21 |
| 100 | 0 | |a Valle-Inclán, Ramón del |e author |9 315482 | |
| 245 | 1 | 0 | |a Esperpentos |
| 300 | |a 239 p | ||
| 942 | |c BK | ||
| 945 | |d 19901112 00:00:00 | ||
| 260 | |a Santiago |b Nascimento |c 1977 | ||
| 650 | 0 | |a Dramas españoles |9 267081 | |
| 583 | |a last modification |c 20130528 12:44:37 |k Rodrigo Vera | ||
| 490 | 0 | |a Biblioteca Popular Nascimento | |
| 999 | |c 222987 |d 222985 | ||
| 952 | |0 0 |1 0 |4 0 |6 862_000000000000000_VAL_1977 |7 0 |8 R |9 218335 |a BIBEDU |b BIBEDU |d 2019-11-15 |i 2871696 |o 862 VAL 1977 |p 2871696 |r 2023-01-13 |w 2019-11-15 |y BK_R |k LIT | ||
| 952 | |0 0 |1 0 |4 0 |6 862_000000000000000_VAL_1977 |7 0 |8 R |9 218336 |a BIBEDU |b BIBEDU |d 2019-11-15 |i 2871742 |o 862 VAL 1977 |p 2871742 |r 2023-01-13 |w 2019-11-15 |y BK_R |k LIT | ||
| 952 | |0 0 |1 0 |4 0 |6 862_000000000000000_VAL_1977 |7 0 |8 R |9 218337 |a BIBEDU |b BIBEDU |d 2019-11-15 |i 2871750 |o 862 VAL 1977 |p 2871750 |r 2023-01-13 |w 2019-11-15 |y BK_R |k LIT | ||
| 952 | |0 0 |1 0 |4 0 |6 862_000000000000000_VAL_1977 |7 0 |8 R |9 218338 |a BIBEDU |b BIBEDU |c MCIRC |d 2019-11-15 |i 2871769 |l 1 |o 862 VAL 1977 |p 2871769 |r 2023-03-15 |s 2023-03-15 |w 2019-11-15 |y BK_R |k LIT | ||
| 952 | |0 0 |1 0 |4 0 |6 862_000000000000000_VAL_1977 |7 0 |8 R |9 218339 |a BIBEDU |b BIBEDU |d 2019-11-15 |i 3261409 |o 862 VAL 1977 |p 3261409 |r 2019-11-15 |w 2019-11-15 |y BK_R |k LIT | ||
| 952 | |0 0 |1 0 |4 0 |6 862_000000000000000_VAL_1977 |7 0 |8 R |9 218340 |a BIBEDU |b BIBEDU |c MCIRC |d 2019-11-15 |i 3261417 |o 862 VAL 1977 |p 3261417 |r 2023-01-13 |w 2019-11-15 |y BK_R |k LIT | ||
| 952 | |0 0 |1 0 |4 0 |6 862_000000000000000_VAL_1977 |7 0 |8 R |9 218341 |a BIBEDU |b BIBEDU |c MCIRC |d 2019-11-15 |i 3261425 |o 862 VAL 1977 |p 3261425 |r 2023-01-13 |w 2019-11-15 |y BK_R |k LIT | ||
| 952 | |0 0 |1 0 |4 0 |6 862_000000000000000_VAL_1977 |7 0 |8 R |9 218342 |a BIBEDU |b BIBEDU |d 2019-11-15 |i 3261433 |o 862 VAL 1977 |p 3261433 |r 2023-01-13 |w 2019-11-15 |y BK_R |k LIT | ||
| 952 | |0 0 |1 0 |4 0 |6 862_000000000000000_VAL_1977 |7 0 |8 R |9 218343 |a BIBEDU |b BIBEDU |c MCIRC |d 2019-11-15 |i 4974530 |o 862 VAL 1977 |p 4974530 |r 2023-01-13 |w 2019-11-15 |y BK_R |k LIT | ||